000 00799 a2200217 4500
001 59782
005 20260407155851.0
008 260407a1985 arg spa d
003 AR-UNSa-BCEJYS
040 _aAR-UNSa-BCEJYS
_bspa
_cAR-UNSa-BCEJYS
080 _a342.25
_xCentralización y descentralización. Autonomía regional. Transferencia de poderes. Autonomía local (Home rule). Órganos locales del gobierno central
245 1 0 _aLeyes de las comunidades autonomas 1983
020 _a978-84-7088-407-8
264 1 _aMadrid :
_bMinisterio de Administración Territorial. Servicio de Publicaciones
_c1985
300 _a1171 p.
_c23 cm.
041 _aspa
942 _cBK
590 _aniveau_biblio:m niveau_hierar:0
100 1 _aSosa Wagner, Francisco
700 1 _aOrduña Rebollo, Enrique
999 _c6819
_d6819